[Event "Charlesbourg Millenium op"]
[Site "Charlesbourg"]
[Date "2004.11.22"]
[Round "1"]
[White "Proteau, Denis"]
[Black "Gaudreau, Eric"]
[Result "0-1"]
[WhiteElo "1104"]
[BlackElo "1628"]
[PlyCount "42"]
[EventDate "2004.11.22"]
[EventType "swiss"]
[EventRounds "5"]
[EventCountry "CAN"]
[SourceTitle "EXT 2006"]
[Source "ChessBase"]
[SourceDate "2005.11.24"]
[SourceVersion "1"]
[SourceVersionDate "2005.11.24"]
[SourceQuality "1"]

1. e4 c5 2. Nf3 d6 3. b3 Nc6 4. Bb2 e5 5. Bc4 a6 6. 0-0 Be7 7. Re1 Nf6 8. h3 0-0 9. c3 Nxe4 10. Bxf7+ Rxf7 11. Rxe4 d5 12. Re2 e4 13. Nh2 Bd6 14. d4 cxd4 15. cxd4 Qg5 16. Bc1 Qh4 17. Be3 Bxh3 18. gxh3 Qxh3 19. f3 exf3 20. Rf2 Rf6 21. Qf1 Rg6+ 0-1

[Event "St Jean op"]
[Site "St Jean sur Richelieu"]
[Date "2004.06.25"]
[Round "1"]
[White "Vallieres, David"]
[Black "Proteau, Denis"]
[Result "1/2-1/2"]
[WhiteElo "1337"]
[BlackElo "1069"]
[PlyCount "92"]
[EventDate "2004.06.??"]
[EventType "swiss"]
[EventRounds "5"]
[EventCountry "CAN"]
[SourceTitle "EXT 2006"]
[Source "ChessBase"]
[SourceDate "2005.11.24"]
[SourceVersion "1"]
[SourceVersionDate "2005.11.24"]
[SourceQuality "1"]

1. e4 c5 2. Nc3 e6 3. g3 Nc6 4. Bg2 Nf6 5. d3 Be7 6. f4 d6 7. Nh3 0-0 8. 0-0 b6 9. e5 Nd5 10. Nxd5 exd5 11. Bxd5 Bxh3 12. Bxc6 Rc8 13. exd6 Qxd6 14. Bg2 Bxg2 15. Kxg2 Bf6 16. g4 Rfe8 17. g5 Qc6+ 18. Qf3 Re2+ 19. Rf2 Rxf2+ 20. Kxf2 Bd4+ 21. Kg2 g6 22. Qxc6 Rxc6 23. c3 Bg7 24. Bd2 Re6 25. Re1 Rxe1 26. Bxe1 f6 27. Kf3 Kf7 28. a4 f5 29. Bf2 Ke6 30. Ke2 Kd5 31. Kd2 c4 32. a5 cxd3 33. axb6 axb6 34. Kxd3 b5 35. b3 Bf8 36. c4+ bxc4+ 37. bxc4+ Kc6 38. Ba7 Bd6 39. Be3 Be7 40. h4 Bd6 41. Bd2 Be7 42. Bc3 Bd6 43. Be5 Be7 44. Kc3 Bf8 45. Kb3 Bc5 46. Kc3 Be7 1/2-1/2